HADİSLERİN TOPLANMASI VE YAZI İLE TESPİTİ (Record no. 1112259)

MARC details
000 -LEADER
sabit uzunluktaki kontrol alanı 00277nam a2200097Ia 4500
001 - KONTROL NUMARASI
kontrol alanı 1112259
005 - EN SON İŞLEMİN TARİH VE ZAMANI
kontrol alanı 20250827003927.0
008 - SABİT-UZUNLUKTA VERİ ÖĞELERİ--GENEL BİLGİ
sabit uzunluktaki kontrol alanı 250824s9999 xx 000 0 und d
245 #0 - ESER / YAZAR
ESER ADI HADİSLERİN TOPLANMASI VE YAZI İLE TESPİTİ
Yazar Adı TALAT KOÇYİĞİT
260 ## - YAYIN, DAĞITIM, VB.
YAYIN EVİ HÜNER YAYINEVİ
Holdings
Düşüm durumu Kayıp durumu Hasar Durumu Ödünç verilmez Ana kütüphane Geçerli Kütüphane Edinilen tarih Toplam ödünç verme sayısı Barkod Son görüntüleme tarihi Fiyatın geçerli olmaya başladığı tarih Koha materyal türü
        YÜZÜNCÜ YIL MESLEKİ EĞİTİM MERKEZİ YÜZÜNCÜ YIL MESLEKİ EĞİTİM MERKEZİ 24.08.2025   1090942 27.08.2025 27.08.2025 Books